Arnoldi Vinnij J.C. praestantissimi In quatuor libros institutionum imperialium commentarius academicus & forensis : Tomus primus [-secundus]. (Record no. 169501)

MARC details
000 -LEADER
campo de control de longitud fija 00870nam a22001935i 4500
001 - NÚMERO DE CONTROL
campo de control 169501
003 - IDENTIFICADOR DE NÚMERO DE CONTROL
campo de control ES-MaACL
005 - FECHA Y HORA DE LA ÚLTIMA TRANSACCIÓN
campo de control 20250724063437.0
008 - DATOS DE LONGITUD FIJA--INFORMACIÓN GENERAL
campo de control de longitud fija 081001s1683 fr |||| | lat d
100 1# - ENTRADA PRINCIPAL--NOMBRE DE PERSONA
Nombre de persona Vinnius, Arnoldus,
Fechas asociadas al nombre 1588-1657
9 (RLIN) 115335
245 10 - MENCIÓN DEL TÍTULO
Título Arnoldi Vinnij J.C. praestantissimi In quatuor libros institutionum imperialium commentarius academicus & forensis : Tomus primus [-secundus].
250 ## - MENCION DE EDICION
Mención de edición Editio novissima et emendatissima / authoris notis antea seorsim impressis aucta et adornata duobus distincta tomis.
260 ## - PUBLICACIÓN, DISTRIBUCIÓN, ETC.
Lugar de publicación, distribución, etc. Lugduni :
Nombre del editor, distribuidor, etc. sumpt. Anissoniorum, Joan. Possuel & Claudij Rigaud,
Fecha de publicación, distribución, etc. 1683.
300 ## - DESCRIPCIÓN FÍSICA
Extensión 2 v. ;
Dimensiones 21 cm.
597 ## - NOTA DE DESCRIPCIÓN FÍSICA
NOTA DE DESCRIPCIÓN FÍSICA Texto a dos columnas.
630 07 - PUNTO DE ACCESO ADICIONAL DE MATERIA--TÍTULO UNIFORME
Título uniforme Corpus juris civilis.
Nombre de parte o sección de la obra Institutiones
Fuente del encabezamiento o término
9 (RLIN) 135271
852 ## - LOCALIZACIÓN
Ubicación ES-MaACL
Número de control de estantería Armario 18
condición física .- Tomo I, sin portada
Encuadernación Olim: G-12727-28
Holdings
Estatus retirado Estado de pérdida Estado de daño No para préstamo Colección Biblioteca de origen Biblioteca actual Ubicación en estantería Fecha de adquisición Fuente de adquisición Total de préstamos Signatura topográfica completa Código de barras Visto por última vez Precio de reemplazo Tipo de ítem Koha
        Libros del s. XVII Biblioteca del Ateneo de Madrid Biblioteca del Ateneo de Madrid Depósito 01/10/2008     Armario 18 1177948 23/02/2023 23/02/2023 Libro impreso antiguo